LEADER 01123nam--2200385---450- 001 990001878630203316 005 20051021153216.0 035 $a000187863 035 $aUSA01000187863 035 $a(ALEPH)000187863USA01 035 $a000187863 100 $a20040727d1982----km-y0itay0103----ba 101 0 $aita 102 $aIT 105 $aa|||||||001yy 200 1 $aApprendimento e memoria$fdi Sergio Roncato 210 $aBologna$cIl Mulino$d1982 215 $a301 p.$cill.$d21 cm 225 2 $a<> nuova scienza$iIstituzioni di psicologia 410 0$12001$a<> nuova scienza$iIstituzioni di psicologia 454 1$12001 461 1$1001-------$12001 606 0 $aApprendimento 606 0 $aMemoria 676 $a153.1 700 1$aRONCATO,$bSergio$0143058 801 0$aIT$bsalbc$gISBD 912 $a990001878630203316 951 $aII.3. Coll.29/ 4(VI ps A coll 29/3)$b10424 L.M.$cVI ps A coll 959 $aBK 969 $aUMA 979 $aSIAV6$b10$c20040727$lUSA01$h1358 979 $aCOPAT2$b90$c20051021$lUSA01$h1532 996 $aApprendimento e memoria$9182819 997 $aUNISA LEADER 01045nam2-22003131i-450 001 990005414900203316 005 20190902182016.0 010 $a2-7246-0502-0 035 $a000541490 035 $aUSA01000541490 035 $a(ALEPH)000541490USA01 100 $a20050721d1985----km y1itay5003----ba 101 0 $afre 102 $aFR 200 1 $a<<1.: >> Diagrammes$fJean-Marcel Jeanneney, Élisabeth Barbier-Jeanneney$gplanches dessinées par Antoine Deveughele 210 $aParis$cPresses de la fondation nationale des sciences politiques$dc1985 215 $a327 p.$cgrafici$d26 cm 461 1$1001000540342$12001$a<> économies occidentales du 19. siècle à nos jours$v1 606 0 $aCondizioni socioeconomiche$2BNCF 676 $a330.9 700 1$aJEANNENEY,$bJean-Marcel$0568056 701 1$aBARBIER-JEANNENEY,$bElisabeth$0613242 801 0$aIT$bSOL$c20120104 912 $a990005414900203316 951 $a300 330.9 JEA$b585 DISES 959 $aBK 969 $aDISES 996 $aDiagrammes$91143058 997 $aUNISA LEADER 01028nam0 22002651i 450 001 VAN0026197 005 20050301120000.0 100 $a20041020d1987 |0itac50 ba 101 $aita 102 $aIT 105 $a|||| ||||| 200 1 $aArchivio d'architettura$ecatalogo ragionato degli edifici contemporanei, 1985$fPaolo Giambartolomei 210 $aRoma$cOfficina$d1987 215 $a362 p.$cill.$d24 cm. 606 $aArchitettura$x1965-1985$3VANC011876$2FI 620 $dRoma$3VANL000360 676 $a724.91$v21 700 1$aGiambartolomei$bPaolo$3VANV021808$010490 712 $aOfficina$3VANV108055$4650 801 $aIT$bSOL$c20230616$gRICA 899 $aBIBLIOTECA DEL DIPARTIMENTO DI ARCHITETTURA E DISEGNO INDUSTRIALE$1IT-CE0107$2VAN01 912 $aVAN0026197 950 $aBIBLIOTECA DEL DIPARTIMENTO DI ARCHITETTURA E DISEGNO INDUSTRIALE$d01PREST IIAa40 $e01 27895 20050908 996 $aArchivio d'architettura$91432338 997 $aUNICAMPANIA